লোডিং...

Advances in Ecological Research

গ্রন্থ-পঞ্জীর বিবরন
প্রধান লেখক: Cragg, J.B
বিন্যাস: Printed Book
ভাষা:Undetermined
English
প্রকাশিত: London Academic press 1962
বিষয়গুলি:
LEADER 00516nam a2200157Ia 4500
008 140306s9999 xx 000 0 und d
041 |a eng 
082 |a 574.5072  |b ADV.01 
100 |a Cragg, J.B. 
245 |a Advances in Ecological Research 
260 |a London  |b Academic press  |c 1962 
300 |a 203 
650 |a Ecological Research 
942 |2 ddc  |c BK 
999 |c 74355  |d 74355 
952 |0 0  |1 0  |2 ddc  |4 0  |6 574_507200000000000_ADV_01  |7 0  |9 80817  |a KAUACV  |b KAUACV  |d 2008-11-04  |o 574.5072 ADV.01  |p KAU_ACV-6043  |r 2014-03-22  |w 2014-03-22  |y BK